| 000 | 00607nam a22001577a 4500 | ||
|---|---|---|---|
| 003 | OSt | ||
| 005 | 20151002161803.0 | ||
| 008 | 151002b xxu||||| |||| 00| 0 eng d | ||
| 040 | _cRUA | ||
| 082 | _aAVM KON 1995 B068 Or.1 | ||
| 100 |
_91807 _aKONG, BORA. |
||
| 245 | _aការសិក្សាអំពីគំរោងបង្កើតមជ្ឈមណ្ឌលបង្កាត់សិប្បនិម្មិត្តនៅសាកលវិទ្យាល័យភូមិន្ទកសិកម្ម | ||
| 260 |
_aPhnom Penh _bRUA _c1995 |
||
| 300 |
_a61p. _bill. _c29cm. |
||
| 942 |
_2ddc _cAVM |
||
| 999 |
_c1705 _d1705 |
||